000 00975nam a2200241 i 4500
001 8904
003 ES-MaACL
005 20250905131906.0
007 t|
008 921112s1992 sp ||||1| spa d
020 _a84-8004-030-0
080 _a347.91/95(46)(02)
100 1 _aOliva, Andrés de la.
_986724
245 1 0 _aDerecho procesal civil /
_cAndrés de la Oliva y Miguel Angel Fernández.
250 _a[3ª ed.].
260 _aMadrid :
_bCentro de Estudios Ramón Areces,
_c1992.
300 _a4 v. ;
_c25 cm.
505 8 _aVol. I : Introducción: el proceso civil, sus tribunales y sus sujetos-- Vol. II : Objeto, actos y recursos del proceso civil. El proceso civil de declaración-- Vol. III : La ejecución forzosa. Las medidas cautelares-- Vol. IV : Los procesos especiales
650 4 _aProcedimiento civil-
_zEspaña.
_916420
700 1 _aFernández López, Miguel Ángel
_949408
852 _aES-MaACL
_jL-16370-73
_bR.121003
999 _c8904
_d8904